Trendkeresés és ciklusosság kérdése a zenei toplistákban STP marketing modellen keresztül
| Main Author: | |
|---|---|
| Other Authors: | |
| Format: | Thesis |
| Kulcsszavak: | 21. század piaci elemzés piaci szegmentáció trendanalízis zene |
| Online Access: | http://dolgozattar.uni-bge.hu/59582 |
MARC
| LEADER | 00000nta a2200000 i 4500 | ||
|---|---|---|---|
| 001 | dolg59582 | ||
| 005 | 20260409145248.0 | ||
| 008 | 260409suuuu hu om 000 hun d | ||
| 040 | |a BGE Dolgozattár Repozitórium |b hun | ||
| 041 | |a hu | ||
| 100 | 1 | |a Czeglédi Ágnes Réka | |
| 245 | 1 | 0 | |a Trendkeresés és ciklusosság kérdése a zenei toplistákban STP marketing modellen keresztül |c Czeglédi Ágnes Réka |h [elektronikus dokumentum] |
| 520 | 3 | |a Dolgozatomban azt vizsgálom, milyen tényezők határozzák meg egy dal sikerét a zenei toplistákon, és milyen szerepet játszik ebben az STP marketingmodell – a szegmentáció, célcsoportkiválasztás és pozicionálás. Érdeklődésem középpontjában a zenei trendek mögött meghúzódó piaci és kulturális mechanizmusok állnak: miként térnek vissza időről időre bizonyos stílusok (ciklikusság), milyen hatással van a digitális világ és a közösségi média (pl. TikTok) a dalok terjedésére, és létezik-e kannibalizmus effektus – azaz, amikor egy dal kiemelkedő teljesítménye háttérbe szorít más slágereket. Vizsgálom továbbá, hogy a dalhossz hogyan befolyásolja a streamingteljesítményt, valamint hogy az előadói brand és a célzott marketing milyen szerepet tölt be egy sikeres zenei karrier építésében. A kutatás alapját kvalitatív és kvantitatív módszerek képezik: toplistaelemzés, valamint mélyinterjúk iparági szakemberekkel, például Tóth Gergővel, a Supermanagement alapítójával. Célom annak bemutatása, hogy a zeneiparban is nélkülözhetetlen a stratégiai marketing szemlélet. | |
| 695 | |a 21. század | ||
| 695 | |a piaci elemzés | ||
| 695 | |a piaci szegmentáció | ||
| 695 | |a trendanalízis | ||
| 695 | |a zene | ||
| 700 | 1 | |a Dobó Dr. Róbert |e ths | |
| 856 | 4 | 0 | |u http://dolgozattar.uni-bge.hu/59582/1/Trendkeres%C3%A9s%20%C3%A9s%20ciklusoss%C3%A1g%20k%C3%A9rd%C3%A9se%20a%20zenei%20toplist%C3%A1kban%20STP%20marketing%20modellen%20kereszt%C3%BCl.pdf |z Dokumentum-elérés |
| 856 | 4 | 0 | |u http://dolgozattar.uni-bge.hu/59582/2/BA%20KM%20magyar%20b%C3%ADr%C3%A1lati%20lap%20BELS%C5%90%20Czegl%C3%A9di%20%C3%81gnes%20R%C3%A9ka%20DR.pdf |z Dokumentum-elérés |
| 856 | 4 | 0 | |u http://dolgozattar.uni-bge.hu/59582/3/BA%20KM%20magyar%20b%C3%ADr%C3%A1lati%20lap%20K%C3%9CLS%C5%90%20Czegl%C3%A9di%20%C3%81gnes%20R%C3%A9ka.pdf |z Dokumentum-elérés |